PFI (Record no. 75409)
[ view plain ]
| 000 -LEADER | |
|---|---|
| fixed length control field | 00943cab a2200193 4500 |
| 001 - CONTROL NUMBER | |
| control field | L130035 |
| 008 - FIXED-LENGTH DATA ELEMENTS--GENERAL INFORMATION | |
| fixed length control field | 050616n2005 000 0 eng u |
| 035 ## - SYSTEM CONTROL NUMBER | |
| System control number | (Sirsi) u130035 |
| 041 ## - LANGUAGE CODE | |
| Language code of text/sound track or separate title | eng |
| 100 ## - MAIN ENTRY--PERSONAL NAME | |
| Personal name | Berry, Brian |
| 245 ## - TITLE STATEMENT | |
| Title | PFI |
| -- | quantifying quality |
| 260 ## - PUBLICATION, DISTRIBUTION, ETC. | |
| Date of publication, distribution, etc. | 2005 |
| 490 ## - SERIES STATEMENT | |
| Series statement | RICS Business |
| Volume/sequential designation | June 2005, 32-33(2) |
| 520 ## - SUMMARY, ETC. | |
| Summary, etc. | Examines the latest RICS report on PFI, "Quantifying quality" (ISBN 1842192132), which concludes that there needs to be a series of reforms for PFI to work more effectively. The practical recommendations made are suitable for both government and professionals and include, reform of the public sector comparator to allow PFI to reach its full potential and establishing a standard form of PFI cost report. This would enable stakeholders to easily determine potential risks and assess value for money. |
| 650 ## - SUBJECT ADDED ENTRY--TOPICAL TERM | |
| Topical term or geographic name entry element | PFI |
| 650 ## - SUBJECT ADDED ENTRY--TOPICAL TERM | |
| Topical term or geographic name entry element | Procurement |
| 9 (RLIN) | 6260 |
| 700 ## - ADDED ENTRY--PERSONAL NAME | |
| Personal name | Foster, Oliver |
| 942 ## - ADDED ENTRY ELEMENTS (KOHA) | |
| Suppress in OPAC | 0 |
| Withdrawn status | Lost status | Source of classification or shelving scheme | Damaged status | Not for loan | Home library | Current library | Shelving location | Date acquired | Total Checkouts | Full call number | Barcode | Date last seen | Copy number | Price effective from | Koha item type |
|---|---|---|---|---|---|---|---|---|---|---|---|---|---|---|---|
| Dewey Decimal Classification | London | London | Journal article | 16/06/2005 | L130035 | 130035-1001 | 06/08/2019 | 1 | 06/08/2019 | Journal article |